[Event "Junior Online 4NCL Division 4"]
[Site "online"]
[Date "2020.08.20"]
[Round "1.94"]
[White "Catabay, Rezin C"]
[Black "Ehrlich, Ben"]
[Result "1-0"]
[WhiteElo "1427"]
[BlackElo "887"]
[PlyCount "65"]
[EventDate "2020.08.20"]
[WhiteTeam "Colchester Juniors A"]
[BlackTeam "Barnet Knights E"]

1. e4 e5 2. Nf3 Nc6 3. Bc4 Bc5 4. O-O Nf6 5. Re1 O-O 6. c3 d5 7. exd5 Nxd5 8.
Nxe5 Nxe5 9. Rxe5 Qf6 10. d4 Be6 11. Bxd5 Bxd5 12. Rxd5 Bd6 13. Nd2 Rfe8 14.
Nf3 c6 15. Rg5 h6 16. Rg4 Rad8 17. Qd2 Re6 18. Qd1 Rde8 19. Be3 b6 20. Qd2 Qf5
21. h3 f6 22. Nh4 Qd5 23. Bxh6 R8e7 24. Ng6 Rf7 25. Nf4 Bxf4 26. Qxf4 Ree7 27.
Qg3 Qd7 28. Be3 a6 29. h4 Kh8 30. h5 b5 31. h6 gxh6 32. Rg8+ Kh7 33. Qg6# 1-0

[Event "Junior Online 4NCL Division 4"]
[Site "online"]
[Date "2020.08.20"]
[Round "1.95"]
[White "Catabay, Mae Katelyn Rose"]
[Black "Dudhia, Vansh"]
[Result "1-0"]
[WhiteElo "1600"]
[BlackElo "1052"]
[PlyCount "91"]
[EventDate "2020.08.20"]
[WhiteTeam "Colchester Juniors A"]
[BlackTeam "Barnet Knights E"]

1. e4 e5 2. f4 exf4 3. Nf3 Nf6 4. e5 Nd5 5. d4 Be7 6. c4 Ne3 7. Bxe3 fxe3 8.
Qd3 Bb4+ 9. Nc3 Bxc3+ 10. bxc3 Nc6 11. Qxe3 O-O 12. Bd3 d5 13. cxd5 Qxd5 14.
O-O Re8 15. c4 Qe6 16. d5 Qd7 17. dxc6 Qxc6 18. Ng5 Re6 19. Nxe6 Bxe6 20. Be4
Qxc4 21. Bxb7 Rd8 22. Rfc1 Qg4 23. Qxa7 Bc8 24. Bxc8 Qxc8 25. Rxc7 Qb8 26. Rxf7
Qxa7+ 27. Rxa7 h6 28. e6 Rd6 29. e7 Re6 30. Rf1 Kh7 31. Rf8 Re1+ 32. Kf2 Re6
33. e8=Q Rxe8 34. Rxe8 Kg6 35. Rg8 Kh5 36. Rgxg7 Kh4 37. Ra4+ Kh5 38. g4+ Kh4
39. Rh7 Kg5 40. h4+ Kxh4 41. Rxh6+ Kg5 42. Rh5+ Kg6 43. Ra6+ Kg7 44. Rb5 Kg8
45. Rb7 Kf8 46. Ra8# 1-0

[Event "Junior Online 4NCL Division 4"]
[Site "online"]
[Date "2020.08.20"]
[Round "1.96"]
[White "Wang, Bintong"]
[Black "Popovici, Rees"]
[Result "0-1"]
[WhiteElo "1052"]
[BlackElo "1595"]
[PlyCount "36"]
[EventDate "2020.08.20"]
[WhiteTeam "Barnet Knights E"]
[BlackTeam "Colchester Juniors A"]

1. e4 e5 2. Nf3 d5 3. Nxe5 Qe7 4. d4 dxe4 5. Qe2 Nf6 6. Nc3 Bf5 7. Bg5 c5 8. f4
exf3 9. gxf3 cxd4 10. O-O-O dxc3 11. bxc3 Qa3+ 12. Kd2 Be7 13. Ke1 O-O 14. Kf2
Re8 15. f4 Ne4+ 16. Kg1 Bxg5 17. fxg5 Qc5+ 18. Rd4 Qxe5 0-1

[Event "Junior Online 4NCL Division 4"]
[Site "online"]
[Date "2020.08.20"]
[Round "1.97"]
[White "Gogia, Pranay"]
[Black "O'Donnell, Arthur"]
[Result "0-1"]
[WhiteElo "1501"]
[BlackElo "1030"]
[PlyCount "47"]
[EventDate "2020.08.20"]
[WhiteTeam "Colchester Juniors A"]
[BlackTeam "Barnet Knights E"]

1. d4 Nf6 2. Bf4 g6 3. Nf3 Bg7 4. Nc3 O-O 5. e4 d6 6. Be2 Nbd7 7. h4 c5 8. e5
dxe5 9. dxe5 Nh5 10. Qd2 Nxf4 11. Qxf4 Qc7 12. h5 f6 13. hxg6 hxg6 14. exf6
Qxf4 15. fxg7 Kxg7 16. Nd5 Qd6 17. O-O-O Qc6 18. Nxe7 Qe6 19. Ng5 Qxe2 20. Rde1
Qxf2 21. Ref1 Qe3+ 22. Kd1 Rxf1+ 23. Rxf1 Qxg5 24. Nxc8 0-1

[Event "Junior Online 4NCL Division 4"]
[Site "online"]
[Date "2020.08.20"]
[Round "1.98"]
[White "Ehrlich, Ben"]
[Black "Catabay, Rezin C"]
[Result "0-1"]
[WhiteElo "887"]
[BlackElo "1427"]
[PlyCount "30"]
[EventDate "2020.08.20"]
[WhiteTeam "Barnet Knights E"]
[BlackTeam "Colchester Juniors A"]

1. e4 e5 2. Nf3 Nf6 3. Nxe5 d6 4. Nf3 Nxe4 5. Bd3 Nc5 6. Bc4 Nc6 7. b3 Be7 8.
Bb2 d5 9. Bxg7 Rg8 10. Bd4 dxc4 11. bxc4 Nxd4 12. Nxd4 Qxd4 13. Na3 Rxg2 14.
Qf3 Qxa1+ 15. Ke2 Qxh1 0-1

[Event "Junior Online 4NCL Division 4"]
[Site "online"]
[Date "2020.08.20"]
[Round "1.101"]
[White "Oh, Julie"]
[Black "Leustean, Maia"]
[Result "1-0"]
[WhiteElo "1487"]
[BlackElo "1105"]
[PlyCount "63"]
[EventDate "2020.08.20"]
[WhiteTeam "JHJ 2"]
[BlackTeam "Tetherdown Bishops"]

1. e4 e5 2. Nf3 Nc6 3. Nc3 Nf6 4. Bb5 Bb4 5. O-O O-O 6. d3 Bxc3 7. bxc3 h6 8.
Bxc6 bxc6 9. Nxe5 d5 10. Nxc6 Qd6 11. Nd4 Ba6 12. Re1 dxe4 13. dxe4 c5 14. e5
Qe7 15. exf6 Qxf6 16. Nf3 Rfe8 17. Rxe8+ Rxe8 18. Be3 Qxc3 19. Rb1 Qf6 20. Qd7
Rd8 21. Qxa7 c4 22. h3 c3 23. Bd4 Qc6 24. Rb8 Rc8 25. Rxc8+ Bxc8 26. Qc5 Qa6
27. Bxc3 Be6 28. Qd4 f6 29. g4 Qxa2 30. g5 hxg5 31. Nxg5 Bf5 32. Qd8# 1-0

[Event "Junior Online 4NCL Division 4"]
[Site "online"]
[Date "2020.08.20"]
[Round "1.102"]
[White "Weisfeld, Raphael"]
[Black "Groot Wassink, Leon"]
[Result "0-1"]
[WhiteElo "1082"]
[BlackElo "1487"]
[PlyCount "100"]
[EventDate "2020.08.20"]
[WhiteTeam "Tetherdown Bishops"]
[BlackTeam "JHJ 2"]

1. e4 e5 2. f4 Bc5 3. Nf3 d6 4. Nc3 Nc6 5. Be2 Nf6 6. a3 Be6 7. b4 Bb6 8. fxe5
Nxe5 9. d3 Nxf3+ 10. Bxf3 Bd4 11. Bb2 d5 12. h3 dxe4 13. Nxe4 Bxb2 14. Nxf6+
Qxf6 15. Rb1 Ba2 16. Rxb2 Qxb2 17. Bxb7 Qe5+ 18. Qe2 Qxe2+ 19. Kxe2 Rb8 20.
Bc6+ Kf8 21. Ra1 Be6 22. Kd2 g6 23. Re1 Kg7 24. c4 Rhd8 25. Kc3 Rd6 26. Bd5
Bxd5 27. cxd5 Rxd5 28. Kc4 Rbd8 29. Re7 Rxd3 30. Rxc7 Rxa3 31. Kc5 Rc3+ 32. Kb5
Rxc7 33. Ka6 Rc4 34. b5 Rb4 35. Kxa7 Rxb5 36. g4 Rd1 37. h4 Ra5+ 38. Kb6 Rad5
39. Kc6 h5 40. g5 R5d4 41. Kc5 Rxh4 42. Kc6 Rg4 43. Kc5 Rxg5+ 44. Kc6 h4 45.
Kc7 h3 46. Kc6 h2 47. Kc7 h1=Q 48. Kc8 Qc6+ 49. Kb8 Rb5+ 50. Ka7 Rd7# 0-1

[Event "Junior Online 4NCL Division 4"]
[Site "online"]
[Date "2020.08.20"]
[Round "1.103"]
[White "Harb, Laith A"]
[Black "Bedretdinov, Rasul"]
[Result "1-0"]
[WhiteElo "1472"]
[BlackElo "917"]
[PlyCount "101"]
[EventDate "2020.08.20"]
[WhiteTeam "JHJ 2"]
[BlackTeam "Tetherdown Bishops"]

1. d4 Nf6 2. c4 e5 3. dxe5 Bb4+ 4. Bd2 Bxd2+ 5. Qxd2 Ne4 6. Qe3 d5 7. exd6 Qxd6
8. Qxe4+ Be6 9. Qxb7 Bxc4 10. Nc3 O-O 11. Qe4 Nc6 12. Qxc4 Na5 13. Qd3 Qh6 14.
Nf3 Rad8 15. Qe3 Qg6 16. Qxa7 Nc4 17. e3 Nxb2 18. Be2 Qxg2 19. Rg1 Nd3+ 20.
Bxd3 Qxf3 21. Be2 Qc6 22. Qa3 Ra8 23. Qc1 Rfd8 24. Nd1 Qb6 25. Qc3 f6 26. Bc4+
Kh8 27. Qb3 Qa5+ 28. Kf1 Rab8 29. Qc2 Qh5 30. Be2 Qh3+ 31. Ke1 Qxh2 32. Rf1 Qd6
33. Rh1 h6 34. Bd3 Qb4+ 35. Qd2 Qg4 36. Qe2 Qg2 37. Rf1 Qg5 38. a4 Qa5+ 39. Qd2
Qe5 40. Rc1 Rb2 41. Nxb2 Qh5 42. Qe2 Qe5 43. Nc4 Qh2 44. a5 Qh1 45. Rxh1 c5 46.
Bc2 Kg8 47. Qg4 Kf8 48. Rg1 Ke8 49. Qxg7 Rd7 50. Qg8+ Ke7 51. Rg7# 1-0

[Event "Junior Online 4NCL Division 4"]
[Site "online"]
[Date "2020.08.20"]
[Round "1.104"]
[White "Thorburn, Rory"]
[Black "Ward, Cian"]
[Result "0-1"]
[WhiteElo "962"]
[BlackElo "1465"]
[PlyCount "70"]
[EventDate "2020.08.20"]
[WhiteTeam "Tetherdown Bishops"]
[BlackTeam "JHJ 2"]

1. e4 e5 2. Nc3 Nc6 3. Nf3 Nf6 4. Bc4 Bc5 5. O-O d6 6. h3 Be6 7. Bxe6 fxe6 8.
d3 O-O 9. Bg5 h6 10. Bxf6 Qxf6 11. Nb5 Bb6 12. Nc3 Nd4 13. Nxd4 Bxd4 14. Nb5
Bb6 15. Rb1 a6 16. Nc3 Bxf2+ 17. Rxf2 Qxf2+ 18. Kh2 Rf6 19. Qg4 Qf4+ 20. Qxf4
exf4 21. Rf1 e5 22. b3 c6 23. a4 Raf8 24. g4 fxg3+ 25. Kxg3 Rxf1 26. Ne2 R1f3+
27. Kg2 Rf2+ 28. Kg3 Rxe2 29. c4 Rd2 30. Kg4 Rxd3 31. b4 Rf4+ 32. Kh5 Rxh3+ 33.
Kg6 Rg3+ 34. Kh5 g6+ 35. Kxh6 Rh4# 0-1

[Event "Junior Online 4NCL Division 4"]
[Site "online"]
[Date "2020.08.20"]
[Round "1.105"]
[White "Leustean, Maia"]
[Black "Oh, Julie"]
[Result "0-1"]
[WhiteElo "1105"]
[BlackElo "1487"]
[PlyCount "174"]
[EventDate "2020.08.20"]
[WhiteTeam "Tetherdown Bishops"]
[BlackTeam "JHJ 2"]

1. e4 c5 2. d4 cxd4 3. Qxd4 Nc6 4. Qa4 e6 5. Nf3 a6 6. Nc3 Qc7 7. Bg5 Be7 8.
Bxe7 Ngxe7 9. O-O-O O-O 10. g4 Qf4+ 11. Nd2 Qxg4 12. f3 Qf4 13. Bd3 d5 14. exd5
Qxa4 15. Nxa4 Nxd5 16. h4 Ncb4 17. Bc4 b5 18. Bxd5 exd5 19. Nc5 Nxa2+ 20. Kb1
Nb4 21. h5 Bf5 22. Rc1 Rac8 23. Ndb3 a5 24. Ka1 a4 25. Nd4 Bxc2 26. Nxc2 Nxc2+
27. Rxc2 d4 28. Rg1 h6 29. b4 d3 30. Rd2 Rfd8 31. Nxd3 Rc3 32. Rgd1 Ra3+ 33.
Kb2 Rb3+ 34. Ka2 Rc8 35. Rc1 Rxc1 36. Nxc1 Rxb4 37. Ka3 Rf4 38. Rf2 g6 39. hxg6
fxg6 40. Nd3 Rd4 41. Ne5 Kg7 42. f4 Kf6 43. Ng4+ Kg7 44. Ne5 g5 45. fxg5 hxg5
46. Rf7+ Kh6 47. Rf6+ Kh5 48. Rb6 Rd5 49. Nf3 Rd3+ 50. Kb4 Rxf3 51. Kxb5 Rb3+
52. Ka5 Rxb6 53. Kxb6 a3 54. Kc5 a2 55. Kd5 a1=Q 56. Ke6 Qd4 57. Kf5 Qf2+ 58.
Ke4 g4 59. Ke5 g3 60. Ke4 g2 61. Kd3 g1=R 62. Kc3 Rd1 63. Kc4 Qc2+ 64. Kb4 Rb1+
65. Ka3 Qa2+ 66. Kxa2 Rf1 67. Kb2 Kg4 68. Kc2 Kg3 69. Kd2 Kg2 70. Kd3 Re1 71.
Kd2 Re8 72. Kd3 Kf3 73. Kd4 Re1 74. Kc4 Rd1 75. Kc3 Ke2 76. Kb2 Rd8 77. Kc3 Ke3
78. Kc4 Rd1 79. Kb3 Rc1 80. Ka2 Rc8 81. Kb3 Kd4 82. Ka4 Rb8 83. Ka5 Kc5 84. Ka6
Rb1 85. Ka7 Kc6 86. Ka8 Kc7 87. Ka7 Ra1# 0-1

[Event "Junior Online 4NCL Division 4"]
[Site "online"]
[Date "2020.08.20"]
[Round "1.106"]
[White "Groot Wassink, Leon"]
[Black "Weisfeld, Raphael"]
[Result "1-0"]
[WhiteElo "1487"]
[BlackElo "1082"]
[PlyCount "89"]
[EventDate "2020.08.20"]
[WhiteTeam "JHJ 2"]
[BlackTeam "Tetherdown Bishops"]

1. e4 e5 2. Nf3 Nc6 3. Bb5 Nf6 4. O-O Bc5 5. d3 h6 6. Bxc6 dxc6 7. Nxe5 O-O 8.
Nd2 Qd6 9. Nef3 Qf4 10. Re1 Bd6 11. Nf1 Qg4 12. Ne3 Qg6 13. e5 Bxe5 14. Nxe5
Qh5 15. Qxh5 Nxh5 16. b3 f6 17. Nf3 Be6 18. Bb2 Rae8 19. Nc4 Bxc4 20. dxc4
Rxe1+ 21. Rxe1 a6 22. Bc1 b5 23. cxb5 cxb5 24. g4 Nf4 25. Bxf4 c5 26. Bd6 c4
27. Bxf8 Kxf8 28. bxc4 bxc4 29. Re4 c3 30. Rc4 a5 31. Rxc3 a4 32. Ra3 g6 33.
Rxa4 f5 34. gxf5 gxf5 35. Rf4 h5 36. Rxf5+ Kg7 37. Rxh5 Kg6 38. Rg5+ Kh6 39. a4
Kh7 40. a5 Kh6 41. a6 Kh7 42. a7 Kh6 43. a8=Q Kh7 44. Qe4+ Kh6 45. Qh4# 1-0

[Event "Junior Online 4NCL Division 4"]
[Site "online"]
[Date "2020.08.20"]
[Round "1.107"]
[White "Bedretdinov, Rasul"]
[Black "Harb, Laith A"]
[Result "0-1"]
[WhiteElo "917"]
[BlackElo "1472"]
[PlyCount "66"]
[EventDate "2020.08.20"]
[WhiteTeam "Tetherdown Bishops"]
[BlackTeam "JHJ 2"]

1. e4 c5 2. Nf3 d6 3. Be2 Nf6 4. O-O e6 5. Nc3 Nbd7 6. d3 Be7 7. a3 O-O 8. h3
a6 9. Bd2 b5 10. Qc1 Bb7 11. b4 cxb4 12. axb4 h6 13. Bxh6 gxh6 14. Qxh6 Re8 15.
Qg5+ Kh8 16. Qh6+ Kg8 17. Ng5 Nf8 18. Bh5 Nxh5 19. Qxh5 Bxg5 20. f4 Bf6 21. f5
Bxc3 22. Rf3 Bxa1 23. Rg3+ Bg7 24. fxe6 Rxe6 25. Qg4 Rg6 26. Qf3 Qb6+ 27. d4
Qxd4+ 28. Kh1 Rxg3 29. Qxg3 Qd1+ 30. Kh2 Bxe4 31. Qh4 Be5+ 32. g3 Qe2+ 33. Kg1
Qg2# 0-1

[Event "Junior Online 4NCL Division 4"]
[Site "online"]
[Date "2020.08.20"]
[Round "1.108"]
[White "Ward, Cian"]
[Black "Thorburn, Rory"]
[Result "1-0"]
[WhiteElo "1465"]
[BlackElo "962"]
[PlyCount "71"]
[EventDate "2020.08.20"]
[WhiteTeam "JHJ 2"]
[BlackTeam "Tetherdown Bishops"]

1. e4 e5 2. Nf3 Nc6 3. d4 exd4 4. Nxd4 Nxd4 5. Qxd4 Nf6 6. e5 Nh5 7. g4 Nf6 8.
exf6 gxf6 9. Nc3 Qe7+ 10. Qe3 Qxe3+ 11. Bxe3 Bb4 12. Bd2 Bd6 13. Nd5 Be5 14.
Bc3 c6 15. Nxf6+ Bxf6 16. Bxf6 Rg8 17. g5 d5 18. c4 dxc4 19. Bxc4 Be6 20. Bxe6
fxe6 21. O-O-O h6 22. gxh6 Rg6 23. Bg7 Kf7 24. Rhg1 b5 25. Rxg6 Kxg6 26. Rg1+
Kh7 27. Re1 c5 28. Rxe6 Rd8 29. Re7 Kg6 30. Re6+ Kf7 31. Rf6+ Kg8 32. Rc6 Rd5
33. Rc7 Rf5 34. Bc3 Rxf2 35. h7+ Kf8 36. h8=Q# 1-0

[Event "Junior Online 4NCL Division 4"]
[Site "online"]
[Date "2020.08.20"]
[Round "1.111"]
[White "Kothari, Jai"]
[Black "Valanju, Saish"]
[Result "1-0"]
[WhiteElo "1690"]
[BlackElo "1060"]
[PlyCount "47"]
[EventDate "2020.08.20"]
[WhiteTeam "Woking Warriors"]
[BlackTeam "May The Fork Be With You 5"]

1. e4 e6 2. d4 d5 3. exd5 exd5 4. Bd3 c5 5. c3 Nc6 6. Be3 Qb6 7. Qd2 cxd4 8.
cxd4 Nxd4 9. Bxd4 Qxd4 10. Bb5+ Bd7 11. Bxd7+ Kxd7 12. Qxd4 Nf6 13. Nc3 Re8+
14. Nge2 a5 15. O-O-O Be7 16. Nxd5 Nh5 17. Nb6+ Kc7 18. Qd7+ Kb8 19. Nd4 Bg5+
20. Kb1 Rd8 21. Qxf7 Rdf8 22. Qxh5 Be7 23. Nd7+ Ka8 24. Qxa5# 1-0

[Event "Junior Online 4NCL Division 4"]
[Site "online"]
[Date "2020.08.20"]
[Round "1.112"]
[White "Tager, Maya"]
[Black "Phillips, Freddie"]
[Result "1-0"]
[WhiteElo "1075"]
[BlackElo "1435"]
[PlyCount "103"]
[EventDate "2020.08.20"]
[WhiteTeam "May The Fork Be With You 5"]
[BlackTeam "Woking Warriors"]

1. d4 d5 2. c4 c6 3. Nc3 Nf6 4. cxd5 cxd5 5. Bf4 Bf5 6. Nf3 Be4 7. e3 Nc6 8.
Bb5 a6 9. Ba4 b5 10. Bc2 Bxc2 11. Qxc2 Nb4 12. Qd1 Rc8 13. O-O Ne4 14. Nxe4
dxe4 15. Nd2 e6 16. Nxe4 Be7 17. a3 Nc2 18. Rc1 O-O 19. Rxc2 Rxc2 20. Qxc2 Qd5
21. Nc3 Qc4 22. Qd2 a5 23. Rc1 b4 24. axb4 axb4 25. Ne4 Qd5 26. Nc5 Bxc5 27.
Rxc5 Qe4 28. Rc1 f6 29. f3 Qf5 30. e4 Qh5 31. Qxb4 e5 32. dxe5 fxe5 33. Qc4+
Kh8 34. Bg3 Qg5 35. Qc8 Rg8 36. Qc2 h6 37. b4 Rb8 38. Rb1 Qe7 39. b5 Qd7 40.
Bxe5 Qxb5 41. Rxb5 Rxb5 42. Qc8+ Kh7 43. Qc7 Rxe5 44. Qxe5 h5 45. Kf2 Kg8 46.
Ke3 g6 47. Kf4 g5+ 48. Kxg5 h4 49. Kg6 Kf8 50. Qd6+ Ke8 51. Kf6 h3 52. Qe7# 1-0

[Event "Junior Online 4NCL Division 4"]
[Site "online"]
[Date "2020.08.20"]
[Round "1.113"]
[White "Seet, Joshua"]
[Black "Bagchi, Aadi"]
[Result "1-0"]
[WhiteElo "1330"]
[BlackElo "1075"]
[PlyCount "65"]
[EventDate "2020.08.20"]
[WhiteTeam "Woking Warriors"]
[BlackTeam "May The Fork Be With You 5"]

1. d4 Nf6 2. c4 g6 3. Nc3 Bg7 4. e4 d6 5. f3 O-O 6. Be3 Nbd7 7. Nge2 b6 8. Nc1
Bb7 9. Be2 e5 10. d5 Qe7 11. O-O Rfe8 12. b4 Rad8 13. a4 a6 14. b5 axb5 15.
axb5 Ra8 16. Nb3 h6 17. Qd2 g5 18. g4 Rf8 19. h4 Nh7 20. hxg5 hxg5 21. Kf2 Qf6
22. Rh1 Kh8 23. Rh5 Rxa1 24. Nxa1 Nc5 25. Bxc5 dxc5 26. Qe1 Qf4 27. Qh1 Kg8 28.
Rxh7 Ra8 29. Nc2 Bc8 30. Ne3 Ra3 31. Ncd1 Ra1 32. Qh5 f6 33. Qg6 1-0

[Event "Junior Online 4NCL Division 4"]
[Site "online"]
[Date "2020.08.20"]
[Round "1.114"]
[White "Bengani, Arihant"]
[Black "Wicks, Alexander"]
[Result "0-1"]
[WhiteElo "1075"]
[BlackElo "1345"]
[PlyCount "156"]
[EventDate "2020.08.20"]
[WhiteTeam "May The Fork Be With You 5"]
[BlackTeam "Woking Warriors"]

1. e4 d5 2. exd5 Nf6 3. Nf3 Nxd5 4. Bc4 c6 5. d4 Bg4 6. h3 Bh5 7. O-O e6 8. Bd2
Bd6 9. Nc3 Nxc3 10. Bxc3 b5 11. Bd3 Kf8 12. Qe2 Qc7 13. Rad1 Bh2+ 14. Nxh2 Bxe2
15. Bxe2 Na6 16. b4 Rd8 17. Nf3 f6 18. a3 Kf7 19. Bd3 Qd6 20. a4 Nxb4 21. Bxb4
Qxb4 22. axb5 cxb5 23. Rb1 Qc3 24. Rxb5 Rb8 25. Rxb8 Rxb8 26. Kh2 Ra8 27. Be4
Qc7+ 28. g3 Rh8 29. h4 a5 30. Kh3 Qd7 31. Ra1 e5+ 32. Kg2 exd4 33. Rxa5 Qe7 34.
Bd5+ Kg6 35. g4 h5 36. gxh5+ Rxh5 37. c4 dxc3 38. Nd4 Qb4 39. Nb3 Rxd5 40. Rxd5
Qxb3 41. Rd3 Qc4 42. Rd1 c2 43. Rc1 Qc3 44. Kf1 Qd2 45. Rxc2 Qxc2 46. Kg2 Qf5
47. f3 Kh5 48. Kg3 Qg6+ 49. Kf4 Kxh4 50. Ke3 Qg3 51. Ke4 Qxf3+ 52. Kxf3 g5 53.
Kf2 Kh3 54. Kf3 g4+ 55. Kf2 Kh2 56. Kf1 g3 57. Ke2 g2 58. Kd3 g1=Q 59. Ke4 f5+
60. Kxf5 Qg3 61. Ke4 Qf2 62. Ke5 Qf3 63. Kd4 Qe2 64. Kc3 Qd1 65. Kb2 Kg2 66.
Kc3 Qe2 67. Kb3 Qd2 68. Kc4 Qe3 69. Kd5 Qf4 70. Ke6 Qg5 71. Kd7 Qf6 72. Kc8 Qe7
73. Kb8 Qd7 74. Ka8 Kf3 75. Kb8 Ke4 76. Ka8 Kd5 77. Kb8 Kc6 78. Ka8 Qb7# 0-1

[Event "Junior Online 4NCL Division 4"]
[Site "online"]
[Date "2020.08.20"]
[Round "1.115"]
[White "Valanju, Saish"]
[Black "Kothari, Jai"]
[Result "0-1"]
[WhiteElo "1060"]
[BlackElo "1690"]
[PlyCount "84"]
[EventDate "2020.08.20"]
[WhiteTeam "May The Fork Be With You 5"]
[BlackTeam "Woking Warriors"]

1. e4 e6 2. Nf3 d5 3. e5 c5 4. d4 Nc6 5. Bd3 cxd4 6. O-O Bc5 7. h3 Nge7 8. Bg5
Qc7 9. c4 dxc4 10. Bxc4 Nxe5 11. Nxe5 Qxe5 12. Bb5+ Nc6 13. Bd2 O-O 14. Qf3 Qc7
15. Bf4 e5 16. Bg5 f6 17. Bh4 Be6 18. Bd3 f5 19. Qh5 e4 20. Bc2 g6 21. Qh6 Qg7
22. Qg5 Be7 23. Qg3 Bxh4 24. Qxh4 g5 25. Qh5 d3 26. Ba4 Rf6 27. Rd1 Rh6 28.
Qxh6 Qxh6 29. Nc3 Rd8 30. Nb5 f4 31. Nc7 Bf7 32. Rac1 e3 33. Rc5 e2 34. Re1 d2
35. Rxe2 d1=Q+ 36. Kh2 Qxe2 37. Rf5 Qxf2 38. Rxf7 Kxf7 39. Bb3+ Kg7 40. Ne6+
Qxe6 41. Bxe6 Qg3+ 42. Kh1 Rd1# 0-1

[Event "Junior Online 4NCL Division 4"]
[Site "online"]
[Date "2020.08.20"]
[Round "1.116"]
[White "Phillips, Freddie"]
[Black "Tager, Maya"]
[Result "1-0"]
[WhiteElo "1435"]
[BlackElo "1075"]
[PlyCount "55"]
[EventDate "2020.08.20"]
[WhiteTeam "Woking Warriors"]
[BlackTeam "May The Fork Be With You 5"]

1. e4 c6 2. Nc3 d5 3. exd5 cxd5 4. Bb5+ Nc6 5. Bxc6+ bxc6 6. d4 Nf6 7. Bf4 e6
8. Nf3 Bd6 9. Bxd6 Qxd6 10. O-O Ba6 11. Re1 O-O 12. a3 Rab8 13. Rb1 Rb7 14. Na4
Nd7 15. b4 Bb5 16. Nc5 Nxc5 17. dxc5 Qc7 18. c3 a5 19. bxa5 Qxa5 20. Qd2 Qxa3
21. c4 dxc4 22. Qb4 Qxb4 23. Rxb4 Ba6 24. Rxb7 Bxb7 25. Rc1 Ba6 26. Ne5 Rb8 27.
Nxc6 Rc8 28. Ne7+ 1-0

[Event "Junior Online 4NCL Division 4"]
[Site "online"]
[Date "2020.08.20"]
[Round "1.117"]
[White "Bagchi, Aadi"]
[Black "Seet, Joshua"]
[Result "0-1"]
[WhiteElo "1075"]
[BlackElo "1330"]
[PlyCount "90"]
[EventDate "2020.08.20"]
[WhiteTeam "May The Fork Be With You 5"]
[BlackTeam "Woking Warriors"]

1. e4 c6 2. d4 d5 3. e5 e6 4. Nf3 Ne7 5. Nbd2 Nf5 6. Be2 c5 7. c3 Nc6 8. Nb3
cxd4 9. cxd4 Bb4+ 10. Bd2 Bxd2+ 11. Qxd2 O-O 12. O-O Bd7 13. Rac1 Rc8 14. Rfd1
a5 15. a4 Nb4 16. h3 Bxa4 17. Rxc8 Qxc8 18. Rc1 Qd7 19. Nc5 Qe8 20. Nxa4 Qxa4
21. Bd1 Qd7 22. Ra1 Ra8 23. Qxb4 h6 24. Rxa5 Rc8 25. Ra1 Rc4 26. Qb3 Nxd4 27.
Nxd4 Rxd4 28. Bf3 Qc7 29. Rd1 Rxd1+ 30. Bxd1 Qxe5 31. Bc2 Qe1+ 32. Kh2 Qxf2 33.
Qa4 g6 34. h4 b5 35. Qb3 Qf4+ 36. Kg1 Qxh4 37. Qh3 Qe1+ 38. Kh2 Qe5+ 39. Kg1
Qxb2 40. Bd1 Qd4+ 41. Kh2 Qe5+ 42. Kg1 Qe1+ 43. Kh2 Qxd1 44. Qa3 Qh5+ 45. Kg1
Qe2 0-1

[Event "Junior Online 4NCL Division 4"]
[Site "online"]
[Date "2020.08.20"]
[Round "1.118"]
[White "Wicks, Alexander"]
[Black "Bengani, Arihant"]
[Result "0-1"]
[WhiteElo "1345"]
[BlackElo "1075"]
[PlyCount "60"]
[EventDate "2020.08.20"]
[WhiteTeam "Woking Warriors"]
[BlackTeam "May The Fork Be With You 5"]

1. e4 e5 2. Nf3 Nc6 3. Bb5 Nf6 4. O-O Bc5 5. Nxe5 Nxe5 6. d4 Bd6 7. dxe5 Bxe5
8. Bg5 O-O 9. Nc3 Bxc3 10. bxc3 h6 11. Bh4 a6 12. Bc4 b5 13. Bb3 Bb7 14. Qf3 g5
15. Bg3 Bxe4 16. Qe2 d5 17. Be5 c5 18. f3 Bg6 19. Bxf6 Qxf6 20. a4 c4 21. Ba2
Qxc3 22. axb5 axb5 23. Bb1 Rxa1 24. Rd1 d4 25. Qe5 Qb2 26. Qe1 b4 27. Rc1 d3
28. cxd3 cxd3 29. Qd1 d2 30. Rc2 Qxb1 0-1

[Event "Junior Online 4NCL Division 4"]
[Site "online"]
[Date "2020.08.20"]
[Round "1.121"]
[White "Moser, Benjamin"]
[Black "Carter, Olvier"]
[Result "0-1"]
[WhiteElo "1532"]
[BlackElo "1000"]
[PlyCount "43"]
[EventDate "2020.08.20"]
[WhiteTeam "The Hall 1"]
[BlackTeam "Surrey Kings 3"]

1. d4 d5 2. Nf3 Nf6 3. Bf4 Bf5 4. e3 e6 5. c3 Nc6 6. Bb5 a6 7. Ba4 b5 8. Bc2
Ne4 9. Nbd2 Nxd2 10. Qxd2 Bxc2 11. Qxc2 Bd6 12. Ne5 f6 13. Nxc6 Qd7 14. Bxd6
Qxd6 15. Nb4 h5 16. O-O-O e5 17. f3 exd4 18. Rxd4 Rh6 19. Rhd1 Rg6 20. Qxg6+
Kd8 21. Rxd5 Qxd5 22. Rxd5+ 0-1

[Event "Junior Online 4NCL Division 4"]
[Site "online"]
[Date "2020.08.20"]
[Round "1.122"]
[White "Liu, Reuben"]
[Black "Smolders, Thomas"]
[Result "0-1"]
[WhiteElo "1000"]
[BlackElo "1427"]
[PlyCount "36"]
[EventDate "2020.08.20"]
[WhiteTeam "Surrey Kings 3"]
[BlackTeam "The Hall 1"]

1. e4 e5 2. Bc4 Nf6 3. Bb3 Nxe4 4. Qh5 Qf6 5. f3 Nc5 6. Bc4 d6 7. g4 g6 8. Qh3
Be6 9. Qf1 Bg7 10. b3 Nc6 11. Bxe6 Qxe6 12. Ne2 O-O 13. Bb2 Rfe8 14. h4 Nb4 15.
a3 Nxc2+ 16. Kd1 Nxa1 17. Qf2 Qxb3+ 18. Kc1 Qc2# 0-1

[Event "Junior Online 4NCL Division 4"]
[Site "online"]
[Date "2020.08.20"]
[Round "1.123"]
[White "Jhamna, Florian"]
[Black "Fairrie, Ralph"]
[Result "1-0"]
[WhiteElo "1405"]
[BlackElo "1000"]
[PlyCount "27"]
[EventDate "2020.08.20"]
[WhiteTeam "The Hall 1"]
[BlackTeam "Surrey Kings 3"]

1. e4 e5 2. Nf3 Nc6 3. Bc4 Bc5 4. Nc3 Nf6 5. d3 d6 6. Bg5 Bg4 7. Nd5 Nd4 8. c3
Nxf3+ 9. gxf3 Bxf3 10. Qxf3 h6 11. Nxf6+ Kf8 12. Nh7+ Ke8 13. Bxd8 Rxd8 14.
Qxf7# 1-0

[Event "Junior Online 4NCL Division 4"]
[Site "online"]
[Date "2020.08.20"]
[Round "1.124"]
[White "Goldhawk, Harrison"]
[Black "Patel, Ishaan"]
[Result "0-1"]
[WhiteElo "1000"]
[BlackElo "1345"]
[PlyCount "32"]
[EventDate "2020.08.20"]
[WhiteTeam "Surrey Kings 3"]
[BlackTeam "The Hall 1"]

1. e4 e5 2. d4 exd4 3. Qxd4 Nc6 4. Qd2 Nf6 5. f3 d6 6. Qd1 g6 7. Bb5 Bd7 8.
Bxc6 Bxc6 9. Nh3 Bg7 10. O-O O-O 11. Ng5 Bh6 12. f4 Bxg5 13. fxg5 Nxe4 14. Nc3
Nxg5 15. Bxg5 Qxg5 16. h3 Qxg2# 0-1

[Event "Junior Online 4NCL Division 4"]
[Site "online"]
[Date "2020.08.20"]
[Round "1.125"]
[White "Carter, Olvier"]
[Black "Moser, Benjamin"]
[Result "0-1"]
[WhiteElo "1000"]
[BlackElo "1532"]
[PlyCount "32"]
[EventDate "2020.08.20"]
[WhiteTeam "Surrey Kings 3"]
[BlackTeam "The Hall 1"]

1. e4 e5 2. Bc4 Nc6 3. Nc3 Bc5 4. Qh5 Qf6 5. d3 Qxf2+ 6. Kd1 Qf1+ 7. Kd2 Qxg2+
8. Ke1 Qf2+ 9. Kd1 g6 10. Qg5 d6 11. Nh3 Qf3+ 12. Kd2 Qxh3 13. Rf1 Qxf1 14. Bd5
Nd4 15. Bxf7+ Kxf7 16. Qd8 Nf3# 0-1

[Event "Junior Online 4NCL Division 4"]
[Site "online"]
[Date "2020.08.20"]
[Round "1.126"]
[White "Smolders, Thomas"]
[Black "Liu, Reuben"]
[Result "1-0"]
[WhiteElo "1427"]
[BlackElo "1000"]
[PlyCount "59"]
[EventDate "2020.08.20"]
[WhiteTeam "The Hall 1"]
[BlackTeam "Surrey Kings 3"]

1. e4 e5 2. Nf3 Nc6 3. d4 exd4 4. Nxd4 Nxd4 5. Qxd4 c5 6. Qd3 d6 7. Bf4 Qa5+ 8.
Nc3 Bg4 9. Bxd6 Nf6 10. Bxf8 Rxf8 11. h3 Bh5 12. Be2 Bxe2 13. Qxe2 O-O-O 14.
O-O b5 15. Qxb5 Qc7 16. Qa6+ Kb8 17. Nb5 Rd6 18. Nxc7 Kxc7 19. Qxa7+ Kc6 20.
Rad1 Rxd1 21. Rxd1 Nd7 22. Qxd7+ Kb6 23. Qd6+ Kb5 24. Qxf8 Kb4 25. a3+ Kc4 26.
b3+ Kb5 27. a4+ Kb4 28. c3+ Kxb3 29. Qxc5 Kxa4 30. Qb4# 1-0